Normal view
MARC view
Entry Personal Name
001 - CONTROL NUMBER
- control field: 7319
003 - CONTROL NUMBER IDENTIFIER
- control field: BD-RjUL
005 - DATE AND TIME OF LATEST TRANSACTION
- control field: 20230411103956.0
008 - FIXED-LENGTH DATA ELEMENTS
- fixed length control field: 230411|| aca||aabn | a|a d
040 ## - CATALOGING SOURCE
- Original cataloging agency: BD-RjUL
- Transcribing agency: BD-RjUL
100 ## - HEADING--PERSONAL NAME
- Personal name: শফিকুল্লাহ, মুহাম্মদ, গবেষণা তত্ত্বাবধায়ক
670 ## - SOURCE DATA FOUND
- Source citation: Work cat.: (BD-RjUL)81340: উদ্দিন, মুহাম্মদ জামাল 7316, ইসলামী দাওয়াহ ও তাবলীগ জামাত :, ২০০২